[Event "1st Gujarat GM Open 2018"]
[Site "Ahmedabad"]
[Date "2018.10.06"]
[Round "2"]
[White "Thanki, Hemal Karsanji"]
[Black "Swayams, Mishra"]
[Result "1/2-1/2"]
[WhiteElo "2148"]
[BlackElo "2463"]
[Annotator "TA"]
[PlyCount "155"]
[EventDate "2018.10.05"]
[EventType "swiss"]
[EventCountry "IND"]
[SourceTitle "playchess.com"]
[Source "ChessBase"]
[SourceQuality "1"]

{[%evp 16,155,30,31,27,39,28,7,14,-26,14,0,0,0,0,-15,-20,-33,-39,-111,-99,-155,-155,-182,-171,-162,-172,-197,-194,-179,-122,-110,-73,-239,-195,-258,-247,-256,-267,-243,-233,-239,-240,-214,-181,-181,-181,-186,-182,-175,-177,-144,-76,-236,-233,-237,-235,-217,-143,-181,-75,-235,-22,-23,-23,-51,-51,-66,-2,-2,0,0,0,-2,0,0,16,17,16,0,0,0,0,0,0,0,0,0,0,0,0,0,0,0,0,0,0,0,0,0,0,0,0,0,0,0,0,0,0,0,0,0,0,0,0,0,0,0,0,0,0,0,0,0,0,0,0,0,0,0,0,0,0,0,0,0,0,0,0,0,0,0]} 1. e4 e5 2. Nf3 Nc6 3. Bc4 Nf6 4. Ng5 d5 5. exd5 Na5 6. Bb5+ c6 7. dxc6 bxc6 8. Bd3 Ng4 {C58: Two Knights: 4 Ng5 d5 5 exd5 Na5 sidelines} (8... Nd5 9. Nf3 Bd6 10. O-O O-O 11. Re1 f5 12. Nxe5 Qf6 13. Nf3 g5 14. g3 f4 15. Nc3 fxg3 16. hxg3 Nxc3 17. dxc3 {½-½ (52) Kovalev,V (2639)-Demchenko,A (2660) Riadh 2017}) 9. Nh3 {LiveBook: 5 Games} Bd6 10. Nc3 O-O {White is slightly better.} 11. Be2 $146 ({Predecessor:} 11. O-O e4 12. Nxe4 Bxh2+ 13. Kh1 Bc7 14. f4 f5 15. Neg5 h6 16. Nf3 {½-½ (45) Van Bommel,T (1912)-Hatsek,W (1906) LSS email 2014}) 11... Nf6 12. d3 h6 13. Ne4 Nxe4 14. dxe4 Nb7 $36 {[%mdl 2048] Black fights for an advantage.} 15. Bd3 Nc5 16. Be3 Rb8 17. Bxc5 ({Better is} 17. b3 $15) 17... Bxc5 $17 18. b3 (18. Rb1 $142) 18... Bd4 19. Rc1 Qa5+ $1 20. Kf1 Bb2 21. Qe1 Qxa2 22. Rd1 Rd8 (22... a5 $19 23. Bc4 a4) 23. Qe2 Be6 24. Ng1 $2 (24. g4 $17) 24... c5 25. Nf3 (25. g3 {was necessary.}) 25... a5 $19 {[%cal Ba7a5,Ba5a4][%mdl 32]} 26. Nd2 a4 27. g4 Bc3 {[%cal Ra4b3]} 28. Kg2 Bxd2 ({Resist} 28... axb3 29. Nxb3 Rdc8 30. Bc4 $17) 29. Rxd2 axb3 30. cxb3 Qxb3 31. Rb1 Qa4 $1 32. Rxb8 Rxb8 33. Rc2 {[#]} Rd8 (33... h5 $142 $1 {[%mdl 512] ...Rb3 is the strong threat.} 34. h3 (34. gxh5 Rb3) 34... Qd7) 34. h3 $2 (34. Bb5 $17 Qb4 35. Bc4) 34... Rd4 35. Bb5 Qb4 36. Bc6 Bb3 37. Rc1 c4 (37... Bc4 $19 {is more deadly.} 38. Qf3 Qb6 39. Rxc4 Qxc6) 38. Qf3 $2 {[#]} (38. Bd5 $17) 38... Rd6 $2 (38... Rd3 $1 $19 {[%cal Rd3f3]} 39. Qe2 Qe7) 39. Bd5 $11 Rf6 40. Qg3 Qd2 41. Rc3 Qd4 (41... Rf4 $15) 42. Qe3 $1 {The position is equal.} Rd6 43. Qf3 Rf6 44. Qe3 Rf4 {[#]} 45. Bxc4 $1 {[%mdl 512]} Bd1 (45... Bxc4 46. Qxd4) 46. Qxd4 exd4 {[%mdl 4096] Endgame KRB-KRB} 47. Rd3 Bc2 $1 {[%cal Rc2d3]} 48. Rxd4 {Black must now prevent f3.} Bxe4+ 49. Kg1 {Strongly threatening f3!} g5 50. Bd5 Bxd5 51. Rxd5 {KR-KR} Kg7 52. Rd6 Rf6 53. Rd8 {[#]} h5 $1 {[%mdl 512]} 54. Kg2 (54. gxh5 Rh6) 54... Rf4 55. Kg3 h4+ 56. Kg2 Kg6 57. Rg8+ Kf6 58. Re8 Ra4 59. Kh2 Ra6 60. Kg2 Re6 61. Rg8 Re5 62. Kf3 Ke7 63. Ra8 Rc5 64. Rg8 Rb5 65. Kg2 f6 66. Ra8 Ke6 67. Re8+ Kd6 68. Re3 $1 Re5 69. Kf3 Ra5 70. Rd3+ Ke5 71. Re3+ Kd5 72. Rd3+ Ke6 73. Re3+ Kf7 74. Rb3 Ra6 75. Rb8 Ra3+ 76. Kg2 Rd3 77. Rb6 Ke7 78. Ra6 $1 {Precision: White = 66%, Black = 56%.} 1/2-1/2

[Event "1st Gujarat GM Open 2018"]
[Site "Ahmedabad"]
[Date "2018.10.06"]
[Round "2"]
[White "Ramnathan, Balasubramaniam"]
[Black "Gukesh D"]
[Result "1-0"]
[WhiteElo "2142"]
[BlackElo "2456"]
[Annotator "TA"]
[PlyCount "110"]
[EventDate "2018.10.05"]
[EventType "swiss"]
[EventCountry "IND"]
[SourceTitle "playchess.com"]
[Source "ChessBase"]
[SourceQuality "1"]

{[%evp 27,110,0,13,0,0,0,0,0,0,0,22,10,21,-9,0,0,20,17,32,26,33,24,33,0,0,0,25,22,74,81,94,45,35,33,48,25,45,45,45,45,45,45,45,45,59,58,47,53,74,68,85,63,102,102,129,63,475,424,741,646,362,0,0,0,0,0,0,0,0,0,0,0,0,0,0,0,0,0,0,0,0,0,0,0,0]} 1. Nf3 Nf6 2. b3 g6 3. Bb2 Bg7 4. e3 O-O 5. Be2 d6 6. d4 Nbd7 7. O-O Re8 8. c4 c6 9. Nc3 e5 10. Qc2 e4 11. Nd2 Qe7 12. Rae1 {E60: King's Indian: Unusual lines and Fianchetto Variation without Nc3} Nf8 {[%cal Bd7f8,Bf8e6,Be6g5,Bg5f3][%mdl 32]} 13. f3 exf3 14. Bxf3 Ne6 {LiveBook: 3 Games} 15. d5 $146 ({Predecessor:} 15. Nce4 Nxe4 16. Bxe4 Bd7 17. Bd3 f5 18. b4 a5 19. bxa5 Rxa5 {½-½ (34) Terentiev,V (2340)-Kalegin,E (2470) St Petersburg 2005}) 15... Ng5 16. dxc6 {[#] Threatens to win with Bd5.} Nxf3+ 17. Nxf3 bxc6 18. e4 Ng4 19. Na4 Ne5 20. Nd4 Ba6 21. Bc3 Rac8 22. Nf3 Nxf3+ 23. Rxf3 Bxc3 24. Qxc3 Rc7 25. Qf6 Bb7 26. Rd1 Qxe4 27. Qxd6 Rce7 (27... Qe5 $11) 28. Nc5 $16 Qc2 29. Qd2 Qxd2 30. Rxd2 Bc8 31. Rfd3 Re1+ 32. Kf2 R1e5 33. Rd8 Kf8 34. Rxe8+ Kxe8 35. Re2 Rxe2+ 36. Kxe2 $14 {[%mdl 4096] Endgame KB-KN} Ke7 37. Ke3 Bf5 38. Kd4 Kd6 39. b4 h5 40. a4 h4 41. a5 ({White should play} 41. Ne4+ $16 Kd7 42. Nc3) 41... g5 $2 {[%mdl 8192]} (41... Bc2 $14) 42. Ne4+ $18 Bxe4 (42... Ke7 $142 43. Nxg5 Bg4) 43. Kxe4 {KP-KP} Ke6 {[#]} 44. b5 $2 (44. a6 $1 $18) 44... f5+ {The position is equal.} 45. Kd4 cxb5 46. cxb5 Kd6 $1 47. b6 axb6 48. axb6 $11 {K3P-K3P} Kc6 49. Ke5 h3 50. gxh3 {K3P-KPP} f4 {White must now prevent ...f3.} 51. Ke4 Kxb6 52. h4 gxh4 53. Kxf4 Kc7 54. Kg4 Kd7 55. Kxh4 Ke8 {[%mdl 32768] Precision: White = 63%, Black = 48%. . Sensor Board Error (Ke4/e5)?} 1-0

[Event "1st Gujarat GM Open 2018"]
[Site "Ahmedabad"]
[Date "2018.10.06"]
[Round "2"]
[White "Jaeel Atharva"]
[Black "Vignesh N R"]
[Result "0-1"]
[WhiteElo "2130"]
[BlackElo "2447"]
[Annotator "TA"]
[PlyCount "216"]
[EventDate "2018.10.05"]
[EventType "swiss"]
[EventCountry "IND"]
[SourceTitle "playchess.com"]
[Source "ChessBase"]
[SourceQuality "1"]

{[%evp 18,216,17,21,20,15,34,5,14,10,17,0,39,6,37,27,54,52,47,0,0,0,0,0,0,0,0,0,0,-6,-13,-22,-17,-18,-14,-21,-17,-27,-26,-27,-27,-28,-28,-30,-29,-36,-7,-7,-7,-7,-7,-4,0,0,0,0,0,0,0,0,0,0,0,0,0,0,0,0,0,0,0,0,0,0,0,0,0,8,66,0,0,0,0,0,7,-8,-8,-8,-8,-8,-8,-8,-8,-8,-8,-8,-8,-8,-8,-8,-8,-8,-8,-8,-7,-7,-7,-7,-7,-8,-7,-8,-8,-8,-7,-8,-8,-8,-8,-8,0,-8,-8,-8,-8,-8,-8,-8,0,-8,-8,-8,-8,-8,-8,-8,0,-8,-7,-8,-8,-8,-8,-8,-8,-8,-8,-8,-8,-8,-8,-8,-7,-7,0,-8,0,-8,0,-8,-8,-8,-8,-8,-8,-8,-8,-8,-8,-8,-8,-8,-8,-8,-8,-8,-8,-145,-145,-145,-145,-29966,-29966,-29962,-29963,-29964,-29967,-29968,-29970,-29970,-29970,-29969,-29972,-29975,-29976,-29976,-29978,-29978,-29979,-29983,-29984]} 1. d4 Nf6 2. Nf3 d5 3. c4 e6 4. Nc3 a6 5. cxd5 exd5 6. Bg5 {D37: Damengambit (5.Lf4)} Be6 7. e3 Nbd7 8. Bd3 h6 9. Bh4 (9. Bf4 g5 10. Bg3 Nh5 11. Be5 Nhf6 12. Bg3 Nh5 13. Qb3 Nxg3 14. hxg3 {½-½ (48) Karjakin,S (2773)-Caruana,F (2822) Saint Louis 2018}) 9... Be7 10. O-O {LiveBook: 4 Partien} O-O 11. Qc2 c6 12. Rfc1 $146 ({Vorgänger:} 12. Rac1 Re8 13. Qb1 Ne4 14. Bxe7 Rxe7 15. Nxe4 dxe4 16. Bxe4 Bxa2 17. Qxa2 Rxe4 {0-1 (58) Malakhatko,V (2554)-Njili,K (2357) Monastir 2012}) 12... Re8 13. Rab1 Bg4 14. Nd2 a5 15. Re1 Be6 16. a3 Nh5 17. Bxe7 Qxe7 18. Bh7+ Kf8 19. Bf5 Bxf5 20. Qxf5 Nhf6 21. e4 dxe4 22. Ndxe4 Qe6 23. Qxe6 Rxe6 24. Nxf6 Rxe1+ 25. Rxe1 Nxf6 $11 {[%mdl 4096] Endspiel KTS-KTS} 26. Re5 Nd7 27. Re1 Nb6 28. b3 Rd8 29. Rd1 Nd5 30. Nxd5 Rxd5 {KT-KT} 31. Kf1 c5 32. Ke2 cxd4 33. Kd3 Rg5 34. g3 Rf5 35. f4 Rc5 36. Kxd4 Rc2 37. Ke3 Rb2 38. Rd3 b5 39. Kd4 Ra2 40. b4 axb4 41. axb4 Rxh2 42. Kc5 Rh5+ 43. Kc6 Rf5 44. Rd8+ Ke7 45. Rd7+ Ke8 46. Rb7 g5 47. fxg5 Rxg5 (47... hxg5 $11 48. Rb8+ (48. Rxb5 Rxb5 49. Kxb5 f5 $11) 48... Ke7) 48. Rb8+ (48. Rxb5 $14 Rxg3 49. Rh5) 48... Ke7 49. Rxb5 Rg6+ 50. Kc7 Rg4 51. Rh5 Rc4+ ({Ein No Go ist} 51... Rxg3 $6 52. b5 $16) 52. Kb6 Rxb4+ 53. Kc5 Rb3 54. g4 Kf6 {Droht ...Kg6.} 55. Rxh6+ Kg5 56. Rh7 Kg6 57. Rh4 Rd3 58. Kc4 $1 {[%cal Rc4d3]} Rd8 59. Rh5 $1 Rd1 60. Rf5 f6 61. Kc3 Rd8 62. Kc4 Rd2 63. Kc3 Rd1 64. Kc2 Rd4 65. Rf3 Rd6 66. Rf4 Kg5 (66... Rd5 {looks sharper.} 67. Rc4 Kg5 68. Ra4 Rd7 69. Re4 Ra7) 67. Re4 Rd8 68. Rc4 Rd6 69. Re4 $1 Kh4 70. Kc3 Kg3 71. Kc2 Kf3 72. Rc4 (72. Rb4 {feels hotter.} Ra6 73. Kd2 Re6 74. Kd3 Re3+ 75. Kd2) 72... Ke3 73. Rc5 Kf4 74. Rc4+ Kf3 75. Kc3 Rd1 {...Tc1+ ist eine echte Drohung.} 76. Kc2 Rd6 (76... Rd8 {is interesting.} 77. Kc3 Rd7 78. Rb4 Rc7+ 79. Kd3 Rc6) 77. Kc3 Ke3 78. Rc5 Kf4 79. Rc4+ Kg3 80. Kc2 Kh3 81. Rf4 Kh4 82. Re4 Kg5 83. Rc4 Rd8 84. Re4 Kh4 85. Rf4 Rd6 (85... Rc8+ {is more complex.} 86. Kd3 Rc6 87. Ke4 Kg5 88. Rf5+ Kxg4 89. Rf4+ Kg5) 86. Re4 Kg3 87. Rc4 Kf3 88. Kc3 Re6 89. Kd3 $1 Re3+ 90. Kd2 Re2+ 91. Kd3 Rf2 92. Ra4 Kg3 93. Ke3 Rf3+ 94. Ke2 Rf4 95. Ra6 Kxg4 96. Ke3 Kg3 {Schwarz will ...f5 spielen.} 97. Rb6 {[#]} (97. Ra1 $11 {bleibt in der Remisbreite.}) 97... f5 $1 $17 98. Rg6+ Rg4 99. Rf6 $2 {[%mdl 8192] [#]} (99. Re6 $17) 99... Re4+ $1 {Schwarz setzt Matt.} 100. Kd3 Kg4 101. Rg6+ Kf3 102. Rh6 Re8 103. Rh3+ Kg2 104. Rh5 f4 {[%cal Bf5f4,Bf4f3,Bf3f2][%mdl 32]} 105. Rf5 f3 106. Rg5+ Kf1 107. Rf5 f2 108. Rg5 Ke1 {Precision: Weiß = 70%, Schwarz = 68%.} 0-1

[Event "1st Gujarat GM Open 2018"]
[Site "Ahmedabad"]
[Date "2018.10.06"]
[Round "2"]
[White "Alan Diviya Raj"]
[Black "Bakunts, Rafael"]
[Result "1/2-1/2"]
[WhiteElo "2127"]
[BlackElo "2427"]
[Annotator "TA"]
[PlyCount "60"]
[EventDate "2018.10.05"]
[EventType "swiss"]
[EventCountry "IND"]
[SourceTitle "playchess.com"]
[Source "ChessBase"]
[SourceQuality "1"]

{[%evp 34,60,0,0,9,0,0,0,0,0,0,0,0,0,0,0,0,0,0,0,10,0,11,12,7,8,14,0,0]} 1. e4 e5 2. Nf3 Nc6 3. Nc3 Nf6 4. d4 exd4 5. Nxd4 Bb4 6. Nxc6 bxc6 7. Bd3 d5 8. exd5 cxd5 9. O-O O-O 10. Bg5 c6 11. Qf3 Bd6 12. Rfe1 Rb8 13. Rab1 h6 {C47: Scotch Four Knights and Four Knights with 4 g3} 14. Bxf6 Qxf6 15. Qxf6 gxf6 16. Ne2 c5 {[%cal Bc6c5,Bc5c4][%mdl 32]} 17. b3 Be6 18. Ng3 {LiveBook: 7 Games. The position is equal.} Bxg3 19. hxg3 c4 20. Be2 Rfc8 21. Bf3 {[#]} d4 $146 22. Rbd1 d3 23. cxd3 cxb3 24. axb3 a5 25. Ra1 $36 {[%mdl 2048] White has some pressure.} Rb5 26. Bd1 Rd8 27. Re4 Bxb3 28. Bxb3 Rxb3 29. Rxa5 Rbxd3 30. Ra1 Rd1+ {Precision: White = 69%, Black = 64%.} 1/2-1/2

[Event "1st Gujarat GM Open 2018"]
[Site "Ahmedabad"]
[Date "2018.10.06"]
[Round "2"]
[White "Prasannaa.s"]
[Black "Sardana, Rishi"]
[Result "1-0"]
[WhiteElo "2124"]
[BlackElo "2418"]
[Annotator "TA"]
[PlyCount "69"]
[EventDate "2018.10.05"]
[EventType "swiss"]
[EventCountry "IND"]
[SourceTitle "playchess.com"]
[Source "ChessBase"]
[SourceQuality "1"]

{[%evp 11,69,8,10,-2,-2,-8,10,9,19,13,25,14,26,0,4,4,21,0,0,0,16,0,0,-3,0,-19,0,0,0,0,26,0,11,0,16,11,67,0,82,72,212,204,258,266,404,393,400,390,29990,1001,29991,29992,29994,29993,29993,29994,29994,29995,29995,29996]} 1. c4 c5 2. Nc3 Nc6 3. g3 g6 4. Bg2 Bg7 5. e3 e5 6. Nge2 Nge7 7. Nd5 {A36: Symmetrical English vs ...g6: 4 Bg2 Bg7} d6 8. Nec3 Be6 9. d3 {The position is equal.} O-O 10. O-O Qd7 11. a3 Bh3 12. Rb1 Bxg2 13. Kxg2 Nxd5 14. Nxd5 (14. cxd5 {seems wilder.} Ne7 15. e4 f5 16. f3 f4 17. Qa4) (14. cxd5 Ne7 15. b4 cxb4 16. axb4 {0-1 (49) Nakamura,H (2793)-Svidler,P (2747) Zuerich 2017}) 14... f5 15. b4 Kh8 $146 ({Predecessor:} 15... Ne7 16. Qf3 {1-0 (54) Scherber,B-Krutsch,W (2092) Hessen 1999}) 16. f4 Rae8 17. Bb2 b6 18. Rf2 exf4 19. exf4 Bxb2 20. Rbxb2 Nd4 21. b5 Re6 22. a4 Rfe8 23. a5 bxa5 (23... Re1 $11 24. Qd2 Qb7) 24. Ra2 (24. Qd2 $1 $14) 24... Qg7 (24... h5 $1 $11 25. Rxa5 Qg7) 25. Qa4 Re1 (25... g5 $16) 26. Qxa5 $18 g5 27. Qxa7 Qg6 (27... g4 $142 28. Qxg7+ Kxg7) 28. fxg5 Qxg5 29. Qf7 Qc1 $2 {[#]} (29... Qh6 $18 30. Qf6+ Qxf6 31. Nxf6 Rf8) 30. Qf6+ Kg8 31. Ra7 {[%csl Ga7][%cal Rf6g7] White mates.} Rg1+ 32. Kh3 {[%csl Ga7][%cal Rf6g7]} Rxg3+ 33. hxg3 {[%csl Ga7][%cal Rf6g7]} Qh1+ 34. Rh2 {[%csl Ga7][%cal Rf6g7]} Qf1+ 35. Kh4 {Precision: White = 51%, Black = 38%.} 1-0

[Event "1st Gujarat GM Open 2018"]
[Site "Ahmedabad"]
[Date "2018.10.06"]
[Round "2"]
[White "Anadkat Kartavya"]
[Black "Thipsay, Praveen M"]
[Result "0-1"]
[WhiteElo "2109"]
[BlackElo "2410"]
[Annotator "TA"]
[PlyCount "70"]
[EventDate "2018.10.05"]
[EventType "swiss"]
[EventCountry "IND"]
[SourceTitle "playchess.com"]
[Source "ChessBase"]
[SourceQuality "1"]

{[%evp 20,70,27,16,50,19,35,0,-2,-22,-8,-8,-14,-10,-16,-12,-21,-35,-26,-42,-35,-140,-139,-135,-125,-287,-275,-274,-285,-275,-272,-387,-371,-367,-380,-437,-427,-430,-439,-427,-445,-439,-458,-466,-475,-529,-532,-540,-522,-624,-614,-738,-740]} 1. e4 e5 2. Nf3 Nc6 3. Bc4 Nf6 4. d3 Be7 5. O-O O-O 6. Re1 d6 7. a4 Be6 8. a5 a6 9. Nbd2 Qd7 10. c3 h6 11. Nf1 {LiveBook: 4 Games. C55: Two Knights: 4 d3, 4 d4 exd4 5 e5 and Max Lange Attack} (11. Qb3 Rab8 12. h3 Kh8 13. Nf1 Nh5 14. d4 Bxc4 15. Qxc4 f5 16. dxe5 Nxe5 17. Qe2 Ng6 18. exf5 Rxf5 {½-½ (44) Heberla,B (2558)-Wang,H (2706) Czech Republic 2018}) 11... Rad8 $146 ({Predecessor:} 11... Rfe8 12. Ng3 d5 13. Bb3 dxe4 14. dxe4 Qxd1 15. Bxd1 b5 16. axb6 cxb6 17. Be2 b5 18. b4 Reb8 {½-½ (50) Brunello,S (2555)-Tarjan,J (2412) Douglas 2017}) 12. Qc2 Rfe8 13. b4 {White is slightly better.} Bf8 14. Bb3 Bxb3 15. Qxb3 d5 16. Bd2 Na7 17. exd5 Qxd5 18. Qxd5 Rxd5 19. Be3 Nc6 20. d4 (20. Red1 $1 $15) 20... exd4 $17 21. Nxd4 {[#]} Bxb4 $1 {[%mdl 512]} 22. Nxc6 $2 (22. Rec1 $17 Bd6 23. Nxc6 bxc6 24. c4) (22. cxb4 Nxd4) 22... Bxc3 $19 23. Bd2 Rxe1 ({Don't take} 23... Rxd2 24. Rxe8+ Nxe8 25. Re1 $17) 24. Rxe1 Bxd2 25. Nxd2 (25. Ne7+ $142 Kf8 26. Re2) 25... Rxd2 {[%mdl 4096] Endgame KRN-KRN} 26. Ne5 Rd5 27. Nf3 Rxa5 {Black is clearly winning.} 28. Kf1 Rd5 29. Rb1 b6 {[%cal Bb7b6,Bb6b5][%mdl 32]} 30. Ke2 Ne4 31. Rb3 a5 {[%cal Ba6a5,Ba5a4][%mdl 32]} 32. Ke3 Nd6 33. Rb1 a4 34. Nd2 b5 35. Ra1 Nf5+ {Precision: White = 14%, Black = 68%.} 0-1

[Event "1st Gujarat GM Open 2018"]
[Site "Ahmedabad"]
[Date "2018.10.06"]
[Round "2"]
[White "Satkar, Chirag"]
[Black "Fominyh, Alexander"]
[Result "1-0"]
[WhiteElo "2089"]
[BlackElo "2405"]
[Annotator "TA"]
[PlyCount "70"]
[EventDate "2018.10.05"]
[EventType "swiss"]
[EventCountry "IND"]
[SourceTitle "playchess.com"]
[Source "ChessBase"]
[SourceQuality "1"]

{[%evp 15,70,26,48,34,53,35,52,53,60,18,51,3,14,-59,-55,-57,-57,-47,-5,-7,-8,2,-20,-47,-47,-33,-30,-39,-45,-39,-10,-6,-9,-7,-21,-34,-25,-18,-17,-45,-16,-18,-20,-64,-66,-55,-62,-104,-71,-93,-78,-81,-8,-7,0,-4,0]} 1. d4 Nf6 2. c4 {[%cal Bc2c4,Bc4b5][%mdl 32]} c5 3. d5 b5 4. cxb5 a6 5. bxa6 g6 6. Nc3 {A58: Benko/Volga Gambit: Lines with 5 bxa6} Bg7 7. Nf3 Qa5 (7... O-O 8. g3 d6 9. Bg2 Nxa6 10. O-O Bf5 11. Nh4 Bd7 12. b3 Qb6 13. Bd2 Rfb8 14. Re1 Nc7 15. Qc2 Ra3 16. Qc1 Qa7 17. e4 Ng4 18. h3 {0-1 (38) Li,C (2732)-Shankland,S (2671) Liaocheng 2018}) 8. Bd2 Bxa6 {LiveBook: 5 Games} 9. g3 Qb6 10. Bg2 d6 11. O-O O-O 12. Qc2 Bc4 $146 ({Predecessor:} 12... Nbd7 13. Rfd1 Rfb8 14. b3 c4 15. Rab1 Ng4 16. Be1 cxb3 17. Rxb3 Qc5 18. Rdb1 Rc8 19. Qd1 {½-½ (76) Happel,H (2101)-Harestad,T (2192) Radebeul 2016}) 13. Ng5 Na6 $1 14. b3 ({White should play} 14. Rac1 $11 Qd8 15. a3) 14... Nb4 $15 15. Qc1 Bxd5 16. Nxd5 Nbxd5 17. e4 Nb4 18. e5 Nd3 19. Qc2 Nxe5 20. Bxa8 Rxa8 21. Bc3 Nd5 22. Qe4 {[#] Strongly threatening Bxe5.} Qc6 23. Bxe5 Bxe5 24. Rad1 e6 25. Rd2 Bc3 {[%mdl 1024] Black has compensation.} 26. Rc2 {Hoping for Rxc3!} Bf6 $36 {[%mdl 2048] Black has some pressure.} 27. Nf3 Qa6 28. Rd1 Nc3 29. Rxc3 Bxc3 {[#]} 30. Rxd6 $1 {[%mdl 512]} Qxa2 (30... Qxd6 31. Qxa8+) 31. Rd7 Rf8 32. Qc4 Bf6 33. Kg2 Qb1 (33... Qa5 $17) 34. Rb7 $11 Qf5 35. Rc7 Rd8 {[%mdl 32768] Precision: White = 60%, Black = 37%. . Loss on Time!?} 1-0

[Event "1st Gujarat GM Open 2018"]
[Site "Ahmedabad"]
[Date "2018.10.06"]
[Round "2"]
[White "Nayak Rajesh"]
[Black "Raghunandan, Kaumandur Srihari"]
[Result "1/2-1/2"]
[WhiteElo "2084"]
[BlackElo "2394"]
[Annotator "NA RC"]
[PlyCount "97"]
[EventDate "2018.10.05"]
[EventType "swiss"]
[EventCountry "IND"]
[SourceTitle "playchess.com"]
[Source "ChessBase"]
[SourceQuality "1"]
[TimeControl "5400+30"]

1. c4 {[%emt 0:00:00]} e6 {[%emt 0:00:25]} 2. g3 {[%emt 0:00:00]} d5 {[%emt 0:00:12]} 3. Bg2 {[%emt 0:00:00]} c6 {[%emt 0:00:31]} 4. Qc2 {[%emt 0:01:00]} Nf6 {[%emt 0:00:50]} 5. Nf3 {[%emt 0:00:07]} Nbd7 {[%emt 0:00:53]} 6. O-O {[%emt 0:06:31]} Bd6 {[%emt 0:01:59]} 7. d4 {[%emt 0:01:00]} O-O {[%emt 0:02:04]} 8. Nc3 {[%emt 0:02:59]} b6 {[%emt 0:03:16]} 9. e4 {[%emt 0:00:57]} dxe4 {[%emt 0:03:09]} 10. Ng5 {[%emt 0:01:42]} Bb7 {[%emt 0:04:00]} 11. Ngxe4 {[%emt 0:01:20]} Be7 {[%emt 0:06:42]} 12. Bf4 {[%emt 0:03:15]} Nxe4 {[%emt 0:01:50]} 13. Nxe4 {[%emt 0:00:29]} Nf6 {[%emt 0:01:12]} 14. Rad1 {[%emt 0:01:00]} h6 {[%emt 0:08:56]} 15. c5 {[%emt 0:04:55]} Nxe4 {[%emt 0:00:51]} 16. Bxe4 {[%emt 0:00:03]} Qd7 {[%emt 0:06:13]} 17. Qb3 {[%emt 0:04:24]} Bd8 {[%emt 0:05:58]} 18. Bc2 {[%emt 0:04:46]} Ba6 {[%emt 0:04:06]} 19. Rfe1 {[%emt 0:00:01]} Bc7 {[%emt 0:02:01]} 20. Be5 {[%emt 0:00:21]} Rfd8 {[%emt 0:09:06]} 21. Qf3 {[%emt 0:04:17]} Bc4 {[%emt 0:05:57]} 22. Qe4 {[%emt 0:01:59]} f5 {[%emt 0:01:15]} 23. Qe3 {[%emt 0:00:25]} Bd5 {[%emt 0:01:58]} 24. Bb3 {[%emt 0:06:18]} Bxe5 {[%emt 0:05:58]} 25. Bxd5 {[%emt 0:01:01]} Qxd5 {[%emt 0:02:52]} 26. Qxe5 {[%emt 0:04:01]} Qxa2 {[%emt 0:07:46]} 27. cxb6 {[%emt 0:08:13]} axb6 {[%emt 0:00:22]} 28. Qxe6+ {[%emt 0:00:49]} Qxe6 {[%emt 0:00:07]} 29. Rxe6 {[%emt 0:00:02]} Rac8 {[%emt 0:05:37]} 30. Re7 {[%emt 0:12:40]} Kf8 {[%emt 0:03:51]} 31. Re5 {[%emt 0:03:16]} Rd5 {[%emt 0:01:03]} 32. Rd3 {[%emt 0:00:10]} Re8 {[%emt 0:03:33]} 33. Rde3 {[%emt 0:04:36]} Rexe5 {[%emt 0:00:21]} 34. dxe5 {[%emt 0:00:04]} Ke7 {[%emt 0:00:28]} 35. Re2 {[%emt 0:02:21]} g5 {[%emt 0:01:15]} 36. f4 {[%emt 0:00:25]} Ke6 {[%emt 0:00:38]} 37. Kg2 {[%emt 0:01:44]} Rd4 {[%emt 0:00:15]} 38. Kf3 {[%emt 0:01:25]} Rd3+ {[%emt 0:00:19]} 39. Re3 {[%emt 0:00:34]} g4+ {[%emt 0:00:33]} 40. Ke2 {[%emt 0:00:04]} Rxe3+ {[%emt 0:00:24]} 41. Kxe3 {[%emt 0:00:01]} Kd7 {[%emt 0:00:35]} 42. b4 {[%emt 0:00:28]} Ke6 {[%emt 0:00:34]} 43. Kd4 {[%emt 0:01:22]} Kd7 {[%emt 0:00:51]} 44. Kd3 {[%emt 0:01:21]} Ke7 {[%emt 0:00:12]} 45. Kc4 {[%emt 0:00:04]} Ke6 {[%emt 0:00:24]} 46. Kd4 {[%emt 0:00:28]} Kd7 {[%emt 0:00:18]} 47. b5 {[%emt 0:00:04]} c5+ {[%emt 0:00:04]} 48. Kd5 {[%emt 0:00:22]} Ke7 {[%emt 0:00:06]} 49. Kc4 {[%emt 0:01:20]} 1/2-1/2